Movies Quiz

Random Movies or Animation Quiz

Disney Animals Quiz Stats

 Plays Quiz Updated Oct 29, 2014

Score 0/40 Timer 05:00
12 Plays Today
Character Animal % Correct
SimbaLion
97.5%
PlutoDog
97.3%
DonaldDuck
96.2%
MickeyMouse
96.2%
NemoClownfish
94.3%
BambiDeer
94.2%
ThumperRabbit
93.6%
DumboElephant
93.1%
Robin HoodFox
90.7%
Shere KhanTiger
88.5%
AbuMonkey
88.1%
EeyoreDonkey
87.4%
BalooBear
86.1%
RooKangaroo
84.9%
JiminyCricket
84.1%
PumbaaWarthog
82.6%
SebastianCrab
80.4%
DuchessCat
78.5%
TimonMeerkat
75.3%
DaleChipmunk
74.3%
Character Animal % Correct
RexTyrannosaurus Rex
70.1%
RafikiMandrill
69.6%
KaaPython
68.7%
IagoParrot
63.7%
BagheeraBlack Panther
62.4%
FlowerSkunk
60.7%
CrushSea Turtle
58.7%
RemyRat
58.2%
FlikAnt
53.6%
HopperGrasshopper
51.5%
ScuttleSeagull
50.6%
King LouieOrangutan
45.9%
KalaGorilla
43.6%
MeekoRaccoon
41.5%
ShenziHyena
31.3%
MonstroWhale
31%
FlitHummingbird
29.9%
NigelPelican
26.2%
SaborLeopard
22.6%
FrancisLadybug
18.7%

You're not logged in!

Compare scores with friends on all Sporcle quizzes.
OR
Log In

Show Comments

Extras

Top Quizzes Today


Score Distribution

Your Account Isn't Verified!

In order to create a playlist on Sporcle, you need to verify the email address you used during registration. Go to your Sporcle Settings to finish the process.

Report this User

Report this user for behavior that violates our Community Guidelines.

Details: